Teplo a elektřina pro Prahu /
Salvato in:
| Autore principale: | |
|---|---|
| Natura: | Libro |
| Lingua: | ceco |
| Pubblicazione: |
Praha :
Pražská teplárenská a. s.,
1997
|
| Tags: |
Nessun Tag, puoi essere il primo ad aggiungerne!!
|
MARC
| LEADER | 00000nam a22000003a 4500 | ||
|---|---|---|---|
| 001 | 0112262 | ||
| 003 | SK-STU | ||
| 005 | 20241112075827.6 | ||
| 007 | ta | ||
| 008 | 241112s ----xo-----e------000-0-----d | ||
| 040 | |a STU |b slo | ||
| 041 | 0 | |a cze | |
| 044 | |a xr | ||
| 080 | |a 621.31 | ||
| 100 | 1 | |a Kubín, Miroslav |4 aut | |
| 245 | 1 | 0 | |a Teplo a elektřina pro Prahu / |c aut. Miroslav Kubín |
| 260 | |a Praha : |b Pražská teplárenská a. s., |c 1997 | ||
| 300 | |a 528 s. | ||
| 996 | |b 284EK90827 |c E* 90827 |l EE01 |s A |a 24 |w 0112262_0001 | ||